Polimerización de ácido láctico mediante el método ROP para producir ácido poliláctico
Збережено в:
| Автор: | |
|---|---|
| Інші автори: | |
| Формат: | Книга |
| Мова: | Spanish |
| Опубліковано: |
San José, Costa Rica
2020.
|
| Предмети: | |
| Теги: |
Додати тег
Немає тегів, Будьте першим, хто поставить тег для цього запису!
|
MARC
| LEADER | 00000nam a2200000Ia 4500 | ||
|---|---|---|---|
| 003 | 013535 | ||
| 005 | 20230412102042.0 | ||
| 008 | 140116s2020 cr a 000 ||spa d | ||
| 040 | |c cru CEDI | ||
| 100 | |a Castrillo Venegas, Mariana , 1992- |9 349 | ||
| 245 | |a Polimerización de ácido láctico mediante el método ROP para producir ácido poliláctico | ||
| 260 | |a San José, Costa Rica |c 2020. | ||
| 500 | |a Proyecto de graduación (licenciatura en ingeniería química)--Universidad de Costa Rica. Facultad de Ingeniería. Escuela de Ingeniería Química | ||
| 501 | |a Directora de Proyecto de Graduación: Dr. Ing. Bárbara Miranda Morales | ||
| 650 | |x ACIDO POLILACTICO |x SINTESIS (QUIMICA ORGANICA) - APARATOS E INSTRUMENTOS |x BIOPOLIMEROS - PRODUCCION |x ACIDO LACTICO |x POLIMERIZACION PRODUCTOS BIODEGRADABLES |x SINTESIS (QUIMICA ORGANICA) - APARATOS E INSTRUMENTOS | ||
| 700 | |9 10 |a Miranda Morales, Bárbara Cristina, 1983- |d Directora del TFG | ||
| 942 | |c CEDI |h TFG 8686 |6 TFG_8686_000000000000000 | ||
| 999 | |c 22037 |d 22037 | ||
